| 000 | 00974cam a2200157ua 4500 | ||
|---|---|---|---|
| 041 |
_aeng _h |
||
| 082 |
_a631.348 _bIND/ME |
||
| 100 | _a, . | ||
| 110 | 1 |
_aIndian standards institution . _bISI _c() |
|
| 245 | 0 | 0 |
_aMethod of test for hydraulic spray nozzles for pest control equipment IS:10064-1982 / _cIndian standards institution. _hTextual Documents |
| 260 |
_aNew Delhi : _bIndian standards institution , _c1982. |
||
| 300 | _a12 ; . | ||
| 504 | _a | ||
| 942 | _cBK | ||
| 999 |
_c10613 _d10613 |
||